Music Quiz

Random Music or Song Quiz

Macklemore's 'Thrift Shop' Purchases Quiz Stats

 Plays Quiz Updated Mar 2, 2020

Support Sporcle.
Go Orange.
Score 0/16 Timer 03:00
1 Play Today
% Correct
Broken Keyboard
70.1%
Kneeboard
63.1%
Gator Shoes
54.6%
Blanket
49.8%
Big A** Coat
44.8%
Fur Fox Skin
43.8%
Flannel Zebra Jammies
33.6%
House Slippers
31.4%
% Correct
Pro Wings
31%
Leopard Mink
29.8%
Velour Jumpsuit
26.6%
Built-in Onesie With the Socks
24.4%
Wolf Hat
23.7%
Dookie Brown Leather Jacket
21.8%
Plaid Button-up Shirt
12.9%
Telescope
10.8%

You're not logged in!

Compare scores with friends on all Sporcle quizzes.
OR
Log In

From the Vault

Most to Fewest NCAA Basketball Championships Minefield

by senordingdong

Even the ones with 'few' championships are still champions!
Remove Ads.
Support Sporcle.
Get the best of Sporcle when you Go Orange. This ad-free experience offers more features, more stats, and more fun while also helping to support Sporcle. Thank you for becoming a member.

Show Comments

Extras

Top Quizzes Today


Score Distribution

Your Account Isn't Verified!

In order to create a playlist on Sporcle, you need to verify the email address you used during registration. Go to your Sporcle Settings to finish the process.

Report this User

Report this user for behavior that violates our Community Guidelines.

Details: